Does incarceration-based drug treatment reduce recidivism? A meta-analytic synthesis of the research

Gespeichert in:  
Bibliographische Detailangaben
VerfasserInnen: Mitchell, Ojmarrh (Verfasst von) ; MacKenzie, Doris L. 1943- (Verfasst von) ; Wilson, David B. (Verfasst von)
Medienart: Elektronisch Aufsatz
Sprache:Englisch
Veröffentlicht: 2007
In: Journal of experimental criminology
Jahr: 2007, Band: 3, Heft: 4, Seiten: 353-375
Online-Zugang: Volltext (lizenzpflichtig)
Verfügbarkeit prüfen: HBZ Gateway

MARC

LEADER 00000caa a22000002c 4500
001 1912518430
003 DE-627
005 20250124054938.0
007 cr uuu---uuuuu
008 241217s2007 xx |||||o 00| ||eng c
024 7 |a 10.1007/s11292-007-9040-2  |2 doi 
035 |a (DE-627)1912518430 
035 |a (DE-599)KXP1912518430 
040 |a DE-627  |b ger  |c DE-627  |e rda 
041 |a eng 
084 |a 2,1  |2 ssgn 
100 1 |a Mitchell, Ojmarrh  |e VerfasserIn  |0 (DE-588)1212068491  |0 (DE-627)1700668439  |0 (DE-576)187954798  |4 aut 
109 |a Mitchell, Ojmarrh 
245 1 0 |a Does incarceration-based drug treatment reduce recidivism? A meta-analytic synthesis of the research 
264 1 |c 2007 
336 |a Text  |b txt  |2 rdacontent 
337 |a Computermedien  |b c  |2 rdamedia 
338 |a Online-Ressource  |b cr  |2 rdacarrier 
700 1 |a MacKenzie, Doris L.  |d 1943-  |e VerfasserIn  |0 (DE-588)1055756795  |0 (DE-627)792709853  |0 (DE-576)411232703  |4 aut 
700 1 |a Wilson, David B.  |e VerfasserIn  |4 aut 
773 0 8 |i Enthalten in  |t Journal of experimental criminology  |d Berlin : Springer Science + Business Media B.V., 2005  |g 3(2007), 4, Seite 353-375  |h Online-Ressource  |w (DE-627)482305967  |w (DE-600)2181946-4  |w (DE-576)117649015  |x 1572-8315  |7 nnas 
773 1 8 |g volume:3  |g year:2007  |g number:4  |g pages:353-375 
787 0 8 |i Forschungsdaten  |a Welsh, Wayne N.  |t Evaluation of Prison-Based Drug Treatment in Pennsylvania, 2000-2001  |d [Erscheinungsort nicht ermittelbar] : [Verlag nicht ermittelbar], 2003  |w (DE-627)1840066725 
787 0 8 |i Forschungsdaten  |a Moberg, D. Paul  |t Outcome Evaluation of the Wisconsin Residential Substance Abuse Treatment (RSAT) Program: The Mental Illness Chemical Abuse (MICA) Program at Oshkosh Correctional Institution, 1997-2000  |d [Erscheinungsort nicht ermittelbar] : [Verlag nicht ermittelbar], 2003  |w (DE-627)1840059796 
787 0 8 |i Forschungsdaten  |a Tunis, Sandra  |t Drug Offender Treatment in Local Corrections in California and New York, 1991-1993  |d [Erscheinungsort nicht ermittelbar] : [Verlag nicht ermittelbar], 1998  |w (DE-627)1840065532 
787 0 8 |i Forschungsdaten  |a Young, Douglas  |t Evaluation of Pennsylvania's Residential Substance Abuse Treatment Program for Drug-Involved Parole Violators, 1998  |d [Erscheinungsort nicht ermittelbar] : [Verlag nicht ermittelbar], 2003  |w (DE-627)1840059222 
787 0 8 |i Forschungsdaten  |a Latessa, Edward J.  |t Process Evaluation of Three Residential Substance Abuse Treatment (RSAT) Programs in Ohio, 1998-1999  |d [Erscheinungsort nicht ermittelbar] : [Verlag nicht ermittelbar], 2003  |w (DE-627)1840060603 
787 0 8 |i Forschungsdaten  |a Mosher, Clayton  |t Evaluation of the Pine Lodge Pre-Release Residential Therapeutic Community for Women Offenders in Washington State, 1996-2001  |d [Erscheinungsort nicht ermittelbar] : [Verlag nicht ermittelbar], 2003  |w (DE-627)1840066830 
787 0 8 |i Forschungsdaten  |a Linhorst, Donald M.  |t Process and Outcome Evaluation of the Residential Substance Abuse Treatment (RSAT) Program at the Ozark Correctional Center, Missouri, 1994-1997  |d [Erscheinungsort nicht ermittelbar] : [Verlag nicht ermittelbar], 2003  |w (DE-627)184005980X 
787 0 8 |i Forschungsdaten  |a Knight, Kevin  |t Outcome Evaluation of a Residential Substance Abuse Treatment (RSAT) Program in Dallas County, Texas, 1998-2000  |d [Erscheinungsort nicht ermittelbar] : [Verlag nicht ermittelbar], 2003  |w (DE-627)184006675X 
787 0 8 |i Forschungsdaten  |a Kelly, William R.  |t Evaluation of the Texas Youth Commission's Chemical Dependency Treatment Program, 1998-1999  |d [Erscheinungsort nicht ermittelbar] : [Verlag nicht ermittelbar], 2003  |w (DE-627)1840066822 
856 4 0 |u https://doi.org/10.1007/s11292-007-9040-2  |x Resolving-System  |z lizenzpflichtig  |3 Volltext  |7 1 
935 |a mkri 
951 |a AR 
ELC |a 1 
LOK |0 000 xxxxxcx a22 zn 4500 
LOK |0 001 463748393X 
LOK |0 003 DE-627 
LOK |0 004 1912518430 
LOK |0 005 20241217044337 
LOK |0 008 241217||||||||||||||||ger||||||| 
LOK |0 035   |a (DE-2619)ICPSR48680 
LOK |0 040   |a DE-2619  |c DE-627  |d DE-2619 
LOK |0 092   |o n 
LOK |0 852   |a DE-2619 
LOK |0 852 1  |9 00 
LOK |0 935   |a nacp 
LOK |0 939   |a 17-12-24  |b l01 
ORI |a SA-MARC-krimdoka001.raw